| 000 | 00591nam a2200157Ia 4500 | ||
|---|---|---|---|
| 008 | 170221s9999 xx 000 0 und d | ||
| 100 | _aJae Hee Park | ||
| 245 | 4 | _aThe Power of Political Boycott in Online Communities and Blogs:Exploring Online Political Debaters on the Korean Government’s Beef Trade Policies with the U.S. | |
| 245 | _cJae Hee Park, Daniel M. Haygood, Hyun Jung Yun | ||
| 260 | _bOnline Journal of Communication and Media Technologies | ||
| 260 | _c2014 | ||
| 300 | _a4 : 2 | ||
| 650 | _xCommunication | ||
| 650 | _xMedia Arts | ||
| 856 | _uhttp://www.ojcmt.net/ | ||
| 999 |
_c307199 _d307199 |
||